00729nam a2200145 a 450000100100000000500170001000800410002704000250006811101230009324501530021626000710036930000210044095201050046199900170056600004302920201002040603.0140218s1983 dr 000 0 spa d aDO-SdBNPbspacBNPHU2 aConferencia internacional sobre la anticoncepción quirurgica voluntarian(5:d1983: 5-8 dic.cSanto Domingo )97055710aAtención de las necesidades del decenio de 1980 :bInforme de la quinta conferencia internacional sobre la anticoncepción quirurgica voluntaria. aSanto Domingo :bFederación Mundial de Agencias de Salud,c1983. a153 p. ;c24 cm. 0010718PDaGRbGRcCTd2014-02-18iLF1l0o p43029-10r2020-06-25w2020-06-25yLFPDZNo se presta c42518d42518